Normal view
MARC view
- SEYLER,U.DOROTHY
Entry Personal Name
001 - CONTROL NUMBER
- control field: 134165
003 - CONTROL NUMBER IDENTIFIER
- control field: NUST
005 - DATE AND TIME OF LATEST TRANSACTION
- control field: 20260416103902.0
008 - FIXED-LENGTH DATA ELEMENTS
- fixed length control field: 260416|| aca||aabn | a|a d
040 ## - CATALOGING SOURCE
- Original cataloging agency: NUST
- Transcribing agency: NUST
100 ## - HEADING--PERSONAL NAME
- Personal name: SEYLER,U.DOROTHY
670 ## - SOURCE DATA FOUND
- Source citation: Work cat.: (NUST): SEYLER,U.DOROTHY., READ REASON WRITE AN ARGUMENT TEXT AND READER /, 2005.
